00283nam a2200109Ia 4500008004100000082001700041100001600058245003700074260004600111300000800157650000800165191201s2007 xx 000 0 und d a658.788bKHP aKHANNA, K K 0aPhysical Distribution Management aN.DelhibHimalaya Publication Housec2007 a423 aMBA